Pays dont la capitale contient un Y - Statistiques

Statistiques générales
  • Ce quiz a été pris 65 fois
  • Le résultat moyen est 6 sur 14
Statistiques - réponses
Pays % Correct
Côte d'Ivoire (Yamoussoukro)
69%
Cameroun (Yaoundé)
61%
Islande (Reykjavik)
54%
Japon (Tokyo)
50%
Corée du Nord (Pyongyang)
48%
Arabie Saoudite (Riyad)
46%
Sri Lanka (Sri Jayawardenapura Kotte)
44%
Birmanie (Naypyidaw)
41%
Guinée (Conakry)
35%
Nauru (Yaren)
35%
Niger (Niamey)
35%
Liban (Beyrouth)
31%
Papouasie-Nouvelle-Guinée (Port Moresby)
19%
Malaisie (Putrajaya)
15%
Aucun quiz correspondant
Distribution des résultats
% des personnes avec chaque résultat
Percentile par nombre de réponses
Votre historique - résultats
Vous n’avez pas pris ce quiz